| 000 | 00390nam a22001217a 4500 | ||
|---|---|---|---|
| 008 | 230626b xxu||||| |||| 00| 0 eng d | ||
| 020 | _a9966958282 | ||
| 082 |
_a338 _bKAR 2006 |
||
| 245 | _aSubmissions to Legislators on the Draft Freedom of Information Bill, 2006 | ||
| 260 |
_aKenya _bThe Kenyan Section of the International Commision of Jurists _c2006 |
||
| 300 | _aVI,86p | ||
| 942 |
_2ddc _cBK |
||
| 999 |
_c2758 _d2758 |
||